Remigio Crespo Toral

Gespeichert in:
Bibliographische Detailangaben
Format: Buch
Sprache:Spanisch
Veröffentlicht: Puebla J.M. Cajica Jr 1960
Schriftenreihe:Biblioteca Ecuatoriana Mínima. La Colonia y La República
Schlagworte:
Tags: Tag hinzufügen
Keine Tags, Fügen Sie den ersten Tag hinzu!

MARC

LEADER 00000nam a2200000 a 4500
001 UCX4811
003 CL-VaPUC
008 920730e19600000MX |||||||||||||||||spa|d
082 0 4 |a 986.6  |b REM  |2 21 
245 1 0 |a Remigio Crespo Toral 
300 |a 693 p 
942 |c BK 
945 |d 19920730 00:00:00 
260 |a Puebla  |b J.M. Cajica Jr  |c 1960 
600 0 7 |a CRESPO TORAL, REMIGIO  |2 CL-VaPUC  |9 321088 
650 7 |a LITERATURA ECUATORIANA COLECCIONES  |2 CL-VaPUC  |9 321089 
583 |a last modification  |c 19920730 00:00:00  |k Rodrigo Vera 
490 0 |a Biblioteca Ecuatoriana Mínima. La Colonia y La República 
999 |c 225197  |d 225195 
952 |0 0  |1 0  |4 0  |6 986_600000000000000_REM_1960  |7 0  |8 A  |9 222529  |a BIBHIS  |b BIBHIS  |d 2019-11-15  |i 2913402  |o 986.6 REM 1960  |p 2913402  |r 2025-01-20  |w 2019-11-15  |y BK  |k HIS